000
00335nam a22001457a 4500
008
250423b ||||| |||| 00| 0 eng d
020
_a
9781610399609
041
_a
eng
080
_2
2018
_a
33BUN
082
_2
33BUN
_a
33BUN
100
_a
41
101
_a
MATEMATIK
245
_a
THE SNOWBALL SYSTEM
_c
MO BUNNELL
942
_2
udc
_c
BK
999
_c
60698
_d
60698